Statistics for Wizard101: All Death Spells

Click here to take the quiz!

General Stats

  • This quiz has been taken 31 times
  • The average score is 22 of 44

Answer Stats

Spell% Correct
Ghoul
100%
Banshee
95%
Vampire
95%
Deathblade
90%
Scarecrow
90%
Dark Sprite
86%
Death Trap
76%
Feint
76%
Wraith
76%
Deer Knight
71%
Skeletal Pirate
71%
Avenging Fossil
62%
Death Shield
62%
Dr. Von's Monster
62%
Curse
57%
Death Prism
57%
Plague
52%
Poison
52%
Call of Khrulhu
48%
Mass Death Prism
48%
Sacrifice
48%
Scion of Death
48%
Virulent Plague
48%
Winged Sorrow
43%
Animate
38%
Bad Juju
38%
Deathspear
38%
Doom and Gloom
38%
Lord of Night
38%
Skeleton Dragon
38%
Dark Pact
33%
Dream Shield
33%
Infection
33%
Pacify
33%
Qismah's Curse
33%
Mass Infection
29%
Empower
24%
King Artorius
24%
Malduit
24%
Mega Pacify
19%
Steal Health
19%
Beguile
14%
Strangle
14%
Age of Reckoning
10%

Score Distribution

Percentile by Number Answered

Percent of People with Each Score

Your Score History

You have not taken this quiz